Online Catalogue and eLibrary

Mattakkalappu saivakovilkal-2 (Record no. 859)

MARC details
000 -LEADER
fixed length control field 00363nam a2200145Ia 4500
005 - DATE AND TIME OF LATEST TRANSACTION
control field 20250429093044.0
008 - FIXED-LENGTH DATA ELEMENTS--GENERAL INFORMATION
fixed length control field 240331s9999 xx 000 0 und d
082 ## - DDC Classification
Class No. 291.5
Item Number - Author Mark KAN
100 ## - MAIN ENTRY--PERSONAL NAME
Personal name Kandiah,V.C
245 #0 - TITLE STATEMENT
Title Mattakkalappu saivakovilkal-2
260 ## - PUBLICATION, DISTRIBUTION, ETC.
Place of publication, distribution, etc. Batticaloa
Name of publisher, distributor, etc. Koodal
Date of publication, distribution, etc. 1991
300 ## - PHYSICAL DESCRIPTION
Extent (e.g. Volumes, Pages etc.) 149 p .,
500 ## - GENERAL NOTE
General note Mattakkalappu Saivakovilakal
942 ## - Koha item type (Biblio)
Koha item type Books in Stacks (Lending)
Holdings
Lost status Damaged status Collection code Home library Current library Shelving location Date acquired Full call number Accession Number Item type
    Lending WERC Library WERC Library Social Science Cupboard 03/31/2024 291.5 KAN 3169 Books in Stacks (Lending)

© WERC Library